[Event "Chigorin Memorial 12th"]
[White "Orlinkov, Maxim L"]
[Black "Vasilevich, Irina"]
[Site "St Petersburg"]
[Round "8"]
[Result "1-0"]
[Date "2004.10.23"]
[WhiteElo "2399"]
[BlackElo "2277"]
[PlyCount "47"]
[EventDate "2004.10.16"]
[EventType "swiss"]
[EventRounds "9"]
[EventCountry "RUS"]
[SourceTitle "EXT 2005"]
[Source "ChessBase"]
[SourceDate "2004.11.15"]
[SourceVersion "1"]
[SourceVersionDate "2004.11.15"]
[SourceQuality "1"]

1. d4 d5 2. Nc3 Bf5 3. f3 Bg6 4. e4 e6 5. exd5 exd5 6. Qe2+ Ne7 7. Bf4 Nbc6 8. Nb5 Rc8 9. 0-0-0 a6 10. Nc3 Qd7 11. h4 h5 12. g4 Nd8 13. Bh3 Ne6 14. Bg3 Nc6 15. f4 hxg4 16. Bxg4 Be7 17. h5 f5 18. hxg6 Rxh1 19. Bxf5 Rxg1 20. Bxe6 Rxd1+ 21. Kxd1 Qd8 22. Bf7+ Kf8 23. Qh5 Bg5 24. fxg5 1-0

[Event "Chigorin Memorial 12th"]
[White "Orlinkov, Maxim L"]
[Black "Lelekova, Olga"]
[Site "St Petersburg"]
[Round "4"]
[Result "1-0"]
[Date "2004.10.19"]
[WhiteElo "2399"]
[BlackElo "2156"]
[PlyCount "77"]
[EventDate "2004.10.16"]
[EventType "swiss"]
[EventRounds "9"]
[EventCountry "RUS"]
[SourceTitle "EXT 2005"]
[Source "ChessBase"]
[SourceDate "2004.11.15"]
[SourceVersion "1"]
[SourceVersionDate "2004.11.15"]
[SourceQuality "1"]

1. d4 Nf6 2. c4 g6 3. Nc3 Bg7 4. e4 d6 5. Be2 0-0 6. Bg5 Nc6 7. d5 Nb8 8. Nf3 c6 9. 0-0 Nbd7 10. Re1 h6 11. Bh4 Nc5 12. Bf1 a5 13. dxc6 bxc6 14. e5 dxe5 15. Qxd8 Rxd8 16. Nxe5 Bb7 17. f3 Ne6 18. Nxg6 fxg6 19. Rxe6 Kf7 20. Rae1 Re8 21. Na4 Rad8 22. Nc5 Ba8 23. R6e2 g5 24. Bf2 Bh8 25. g3 g4 26. f4 Nd7 27. Ne6 Rc8 28. h3 c5 29. Bg2 Bxg2 30. Kxg2 gxh3+ 31. Kxh3 Rc6 32. f5 Bf6 33. b3 Rec8 34. g4 Rd6 35. Nf4 Nf8 36. Nd5 e6 37. Bg3 Ra6 38. Nc7 Rc6 39. fxe6+ 1-0

[Event "Chigorin Memorial 12th"]
[White "Fedoseev, Sergey"]
[Black "Orlinkov, Maxim L"]
[Site "St Petersburg"]
[Round "3"]
[Result "1-0"]
[Date "2004.10.18"]
[WhiteElo "2225"]
[BlackElo "2399"]
[PlyCount "119"]
[EventDate "2004.10.16"]
[EventType "swiss"]
[EventRounds "9"]
[EventCountry "RUS"]
[SourceTitle "EXT 2005"]
[Source "ChessBase"]
[SourceDate "2004.11.15"]
[SourceVersion "1"]
[SourceVersionDate "2004.11.15"]
[SourceQuality "1"]

1. e4 d5 2. exd5 Nf6 3. d4 Nxd5 4. Be2 g6 5. Nf3 Bg7 6. 0-0 0-0 7. c4 Nb6 8. h3 Nc6 9. Be3 e5 10. d5 Ne7 11. Nc3 Nf5 12. Bg5 f6 13. Bd2 c5 14. Ne4 Nd7 15. b4 b6 16. Qa4 a5 17. bxa5 bxa5 18. Rab1 Ra6 19. Rb5 Nd6 20. Nxd6 Rxd6 21. Bxa5 Qe7 22. Bc7 e4 23. Bxd6 Qxd6 24. Nd2 f5 25. Nb3 Re8 26. Qa8 Bf8 27. Qc6 Qe5 28. d6 Bxd6 29. g3 f4 30. Rd1 f3 31. Bxf3 exf3 32. Qxd6 Qc3 33. Qd5+ Kg7 34. Nxc5 Re1+ 35. Kh2 Nf6 36. Qd3 Qxd3 37. Rxd3 Bxh3 38. Rxf3 Bf5 39. Rf4 h5 40. Kg2 Ng4 41. a4 Ra1 42. a5 Ra2 43. a6 Ne3+ 44. Kf3 Nd1 45. Kg2 Ne3+ 46. Kh2 g5 47. Rf3 Nf1+ 48. Kg2 Bh3+ 49. Kxh3 g4+ 50. Kg2 gxf3+ 51. Kxf3 Nd2+ 52. Ke3 Nxc4+ 53. Kd4 Nd6 54. Rb6 Nc8 55. Rb7+ Kf6 56. Kd5 Ne7+ 57. Kd6 Rd2+ 58. Kc7 Nd5+ 59. Kb8 Rc2 60. a7 1-0

[Event "Chigorin Memorial 12th"]
[White "Orlinkov, Maxim L"]
[Black "Grigoriants, Sergey"]
[Site "St Petersburg"]
[Round "2"]
[Result "0-1"]
[Date "2004.10.17"]
[WhiteElo "2399"]
[BlackElo "2551"]
[PlyCount "66"]
[EventDate "2004.10.16"]
[EventType "swiss"]
[EventRounds "9"]
[EventCountry "RUS"]
[SourceTitle "EXT 2005"]
[Source "ChessBase"]
[SourceDate "2004.11.15"]
[SourceVersion "1"]
[SourceVersionDate "2004.11.15"]
[SourceQuality "1"]

1. e4 c5 2. f4 Nc6 3. Nf3 d6 4. Bb5 Bd7 5. 0-0 a6 6. Bxc6 Bxc6 7. Nc3 e6 8. Qe1 Be7 9. Kh1 Nf6 10. d4 0-0 11. dxc5 dxc5 12. Ne5 Bb5 13. Rf3 Nd7 14. Nxb5 Nxe5 15. fxe5 axb5 16. Bf4 Ra4 17. Rd3 Qa8 18. Rd7 Re8 19. Qe2 b6 20. Rad1 Rxe4 21. Qf3 Ra4 22. Qg3 h5 23. h3 Qe4 24. Rf1 Qxc2 25. Qf3 Qf5 26. Rb7 g5 27. Qc6 Kf8 28. Rd1 Rd4 29. Rxd4 cxd4 30. Bh2 d3 31. Qxb6 Qf1+ 32. Bg1 d2 33. Rxe7 d1Q 0-1

[Event "Moscow Aeroflot op-B"]
[White "Yagupov, Igor"]
[Black "Orlinkov, Maxim L"]
[Site "Moscow"]
[Round "4"]
[Result "1/2-1/2"]
[Date "2004.02.20"]
[WhiteElo "2441"]
[BlackElo "2399"]
[PlyCount "68"]
[EventDate "2004.02.17"]
[EventType "swiss"]
[EventRounds "9"]
[EventCountry "RUS"]
[SourceTitle "EXT 2005"]
[Source "ChessBase"]
[SourceDate "2004.11.15"]
[SourceVersion "1"]
[SourceVersionDate "2004.11.15"]
[SourceQuality "1"]

1. e4 Nf6 2. e5 Nd5 3. d4 d6 4. Nf3 dxe5 5. Nxe5 g6 6. Bc4 c6 7. 0-0 Bg7 8. Re1 0-0 9. Bb3 Be6 10. Nd2 Nd7 11. Nef3 Bg4 12. h3 Bxf3 13. Nxf3 e6 14. Bg5 Bf6 15. Bh6 Bg7 16. Qd2 Bxh6 17. Qxh6 Qf6 18. c4 Ne7 19. Ng5 Qg7 20. Qxg7+ Kxg7 21. d5 cxd5 22. cxd5 Nxd5 23. Rxe6 Nc5 24. Rd6 Nxb3 25. axb3 Nb6 26. Ne4 Rac8 27. Nc3 Rc5 28. Rd4 a5 29. b4 Rc4 30. Rxc4 Nxc4 31. bxa5 Nxb2 32. Rb1 Nc4 33. Rxb7 Nxa5 34. Ra7 Nb3 1/2-1/2

[Event "Chigorin Memorial-A 10th"]
[White "Orlinkov, Maxim L"]
[Black "Terentiev, Vitaly G"]
[Site "St Petersburg"]
[Round "9"]
[Result "1/2-1/2"]
[Date "2002.11.03"]
[WhiteElo "2399"]
[BlackElo "2397"]
[PlyCount "94"]
[EventDate "2002.10.25"]
[EventType "swiss"]
[EventRounds "9"]
[EventCountry "RUS"]
[SourceTitle "EXT 2003"]
[Source "ChessBase"]
[SourceDate "2002.11.25"]
[SourceVersion "1"]
[SourceVersionDate "2002.11.25"]
[SourceQuality "1"]

1. c4 c5 2. Nf3 g6 3. d4 cxd4 4. Nxd4 Bg7 5. e4 Nc6 6. Be3 Nf6 7. Nc3 0-0 8. Be2 d6 9. 0-0 a6 10. f3 Nxd4 11. Bxd4 Be6 12. Qd2 Qa5 13. Rfd1 Rfc8 14. b3 Nd7 15. Rac1 Bxd4+ 16. Qxd4 Qc5 17. Qxc5 Rxc5 18. a4 a5 19. Bd3 g5 20. Kf2 Rf8 21. Ne2 Re5 22. Nd4 Nc5 23. Bc2 Bd7 24. Rh1 g4 25. h4 Kh8 26. f4 Rxe4 27. Bxe4 Nxe4+ 28. Ke3 f5 29. Rhe1 Kg7 30. Kd3 Kf6 31. Kc2 g3 32. Re3 Rg8 33. Ne2 Rg4 34. Rf1 h5 35. Ref3 Bc6 36. Re3 Rxh4 37. Nxg3 Rh2 38. Rg1 Nc5 39. Re2 e6 40. Nf1 Rh4 41. g3 Rh3 42. Rh2 Rxh2+ 43. Nxh2 d5 44. Kc3 d4+ 45. Kxd4 Nxb3+ 46. Kc3 Nc5 47. Kd4 Nb3+ 1/2-1/2

[Event "Chigorin Memorial-A 10th"]
[White "Utkin, Aleksey"]
[Black "Orlinkov, Maxim L"]
[Site "St Petersburg"]
[Round "8"]
[Result "0-1"]
[Date "2002.11.02"]
[WhiteElo "2368"]
[BlackElo "2399"]
[PlyCount "96"]
[EventDate "2002.10.25"]
[EventType "swiss"]
[EventRounds "9"]
[EventCountry "RUS"]
[SourceTitle "EXT 2003"]
[Source "ChessBase"]
[SourceDate "2002.11.25"]
[SourceVersion "1"]
[SourceVersionDate "2002.11.25"]
[SourceQuality "1"]

1. d4 d6 2. Nf3 Bg4 3. e4 Nf6 4. Bd3 e6 5. 0-0 Be7 6. c3 0-0 7. Nbd2 Nfd7 8. Nc4 c5 9. Bf4 cxd4 10. cxd4 Nc6 11. Be2 Nf6 12. d5 exd5 13. exd5 Nb4 14. Ne3 Nh5 15. Bg3 Nxg3 16. hxg3 Bd7 17. a3 Na6 18. b4 Nc7 19. Nd4 Bg5 20. f4 Bf6 21. Rc1 Re8 22. Rf3 a5 23. g4 axb4 24. axb4 Rxe3 25. Rxe3 Nxd5 26. Re4 Nxb4 27. g5 d5 28. Re3 Ba4 29. Qd2 Bxd4 30. Qxd4 Nc2 31. Rxc2 Bxc2 32. Bf3 Be4 33. Bxe4 dxe4 34. Qxe4 b5 35. f5 Rc8 36. f6 g6 37. Re1 h6 38. Qe5 hxg5 39. Qxg5 Qd4+ 40. Kh1 b4 41. Re7 b3 42. Rb7 b2 43. Kh2 Qd6+ 44. Kh3 Rc5 45. Qe3 Rh5+ 46. Kg4 Qxf6 47. Rb8+ Kg7 48. Qe8 Rh4+ 0-1

[Event "Chigorin Memorial-A 10th"]
[White "Orlinkov, Maxim L"]
[Black "Zakharchenko, Arnold"]
[Site "St Petersburg"]
[Round "3"]
[Result "1-0"]
[Date "2002.10.27"]
[WhiteElo "2399"]
[BlackElo "2357"]
[PlyCount "75"]
[EventDate "2002.10.25"]
[EventType "swiss"]
[EventRounds "9"]
[EventCountry "RUS"]
[SourceTitle "EXT 2003"]
[Source "ChessBase"]
[SourceDate "2002.11.25"]
[SourceVersion "1"]
[SourceVersionDate "2002.11.25"]
[SourceQuality "1"]

1. d4 d5 2. Nf3 Nf6 3. c4 dxc4 4. Nc3 a6 5. e4 b5 6. e5 Nd5 7. a4 Nxc3 8. bxc3 Bb7 9. e6 f6 10. Be2 Qd5 11. Bf4 Qxe6 12. Bxc7 Qc8 13. Bg3 Nd7 14. Qb1 Bd5 15. 0-0 Nb6 16. axb5 a5 17. Re1 Kf7 18. h4 g6 19. h5 Bh6 20. Nh4 Rg8 21. hxg6+ hxg6 22. Bh5 gxh5 23. Qh7+ Rg7 24. Qxh6 Qg4 25. Nf5 Qxf5 26. Rxe7+ Kxe7 27. Qxg7+ Bf7 28. Re1+ Qe6 29. Rxe6+ Kxe6 30. Qh7 Nd5 31. Qe4+ Kd7 32. b6 Kc6 33. b7 Kxb7 34. Qh7 Ka6 35. Qxf7 Nb6 36. Bd6 Kb5 37. Bc5 Ra6 38. Qe8+ 1-0